| 000 | 01137nam0a22002531 4500 | ||
|---|---|---|---|
| 001 | rc\854334 | ||
| 005 | 20250622020627.0 | ||
| 035 | _a(NLR Aleph) 006034623 | ||
| 090 |
_a7564224 _c7564224 |
||
| 100 | _a20041129d1983 |||y0rusy50 ca | ||
| 101 | 0 | _arus | |
| 102 | _aRU | ||
| 105 | _ay ||||||||| | ||
| 200 | 1 |
_aПланирование и организация работы сельского коллектива физической культуры _eОрг.-метод. рекомендации _fВНИИ физ. культуры и др. _g[Разраб. Борисов Ю.В., Дормидонтова Л.С.] |
|
| 210 |
_aОмск _cБ. и. _d1983 |
||
| 215 |
_a41 с. _d20 |
||
| 300 | _aВ надзаг. также: Омский обл. ком. по физ. культуре и спорту, Омский гос. ин-т физ. культуры | ||
| 702 | 1 |
_4570 _7ca _8rus _aБорисов _bЮ. В. _cканд. пед. наук _gЮрий Васильевич _9258692 _3RU\NLR\AUTH\770258748 |
|
| 801 | 0 |
_aRU _bNLR _gpsbo |
|
| 801 | 1 |
_aRU _bELAR _2rusmarc |
|
| 852 |
_aNLR _j84-4/2977 |
||
| 942 | _cBOOK | ||
| 980 | _aNB | ||